| 000 | 00383cam a22001337a 4500 | ||
|---|---|---|---|
| 008 | 180718b1951 xxu||||| |||| 00| 0 eng d | ||
| 082 | _aD2 D56 | ||
| 100 | _aDickinson, Edwin D. | ||
| 245 |
_aLaw and peace _cby Edwin D. Dickinson |
||
| 260 |
_aPhiladelphia _bUniversity Pennsylvania Press _c1951 |
||
| 300 | _a147p. | ||
| 650 | _aInternational relations | ||
| 650 | _aInternational law | ||
| 999 |
_c363988 _d363988 |
||